000 00462 a2200133 4500
001 ART_13750
005 20260410161910.0
008 260409a
245 1 0 _aUn estudio sobre la transferencia de tecnología en la industria mexicana del vestido
100 1 _aMercado García, Alfonso
700 1 _aJuárez Melo, Antonio
700 1 _aAristy Melo, Jesús
773 0 _tDemografía y economía
_g- Vol. XIV, Nº42 (abr./jun. 1980)
_wREV13200
999 _c26751
_d26751